000
00234nam a2200097Ia 4500
008
220204s9999 xx 000 0 und d
100
_a
Jefkins, Frank
245
0
_a
Advertising made simple
260
_a
London
_b
Allen
_c
1973
942
_c
BK
999
_c
24706
_d
24706